000 00864nam a22002897a 4500
001 BR0401398
003 BR-BrBNA
005 20230928101541.0
007 ta
008 230509b bl.||||| |||| 00| 0 por d
040 _aBR-BrBNA
_bpor
_cBiblioteca Nacional de Agricultura
041 _a(Por)
072 _aL02
_b5300
090 _ 5300 BR0401398
100 1 _aSilva, M. da C.
110 1 _aUniversidade Federal de Lavras, MG (Brasil)
_0Tese (Mestrado)
245 1 _aÁcidos orgânicos e suas combinações em dietas para leitões desmamados aos 21 dias de idade
260 3 _aLavras, MG (Brasil):
_c2002.
300 _a64 p.
500 _aSummaries (Eng, Por); Bibliography p. 46-56; 38 tables;
650 _aLEITÃO
650 _aDIETA
650 _aÁCIDO ORGÂNICO
650 _aDESMAMA
909 _a202309
_bLucia
_c55
_dLucia Elande
942 _cBK
999 _c66380
_d66380